00359nam a2200145Ia 450000100060000000800410000602000180004704000130006508200210007810000190009924500680011826000090018630000110019554600070020611451140331s9999 xx 000 0 und d a0-409-30979-6 cPK-LaUMT a 657.1511bSMI-S aSmith, Malcolm aStrategic management accounting issus and casescSmith, Malcolm c1995 a225 p. aEN